Country Names Without Vowels #12 - Statistics

General Stats
  • This quiz has been taken 31 times
  • The average score is 13 of 15
Answer Stats
Without Vowels With Vowels % Correct
Fghnstn Afghanistan
96%
Blgm Belgium
96%
Spn Spain
96%
Sr Lnk Sri Lanka
96%
Sychlls Seychelles
93%
Twn Taiwan
93%
Cp Vrd Cape Verde
89%
Cntrl Frcn Rpblc Central African Republic
89%
Cb Cuba
86%
Tng Tonga
86%
Grg Georgia
82%
Krbt Kiribati
82%
St Tmr East Timor
71%
Swtn Eswatini
68%
Lbn Albania
61%
No matching quizzes found
Score Distribution
Percent of People with Each Score
Percentile by Number Answered
Your Score History
You have not taken this quiz